| 000 | 00426cam a22001457a 4500 | ||
|---|---|---|---|
| 008 | 180718b1956 xxu||||| |||| 00| 0 eng d | ||
| 082 | _aD11 B692 | ||
| 100 | _aBoyce, Richard Fyfe | ||
| 245 |
_aDiplomat's wife _cby Richard Fyfe Boyce |
||
| 260 |
_aNew York. _bHarper _c1956 |
||
| 300 | _a230p. | ||
| 650 | _aDiplomatic and consular service, Americ | ||
| 650 | _aAmericans --Foreign countries | ||
| 650 | _aDiplomatsメ spouses | ||
| 999 |
_c360961 _d360961 |
||